Porovnanie kvantifikačných metód v NMR metabolomike a ich aplikácia pri štúdiu vláknitých húb
Saved in:
| Main Author: | |
|---|---|
| Other Authors: | |
| Format: | Manuscript Book |
| Language: | Slovak |
| Published: |
2016
|
| Subjects: | |
| Online Access: | http://is.stuba.sk/zp/portal_zp.pl?podrobnosti=101137 |
| Tags: |
No Tags, Be the first to tag this record!
|
MARC
| LEADER | 00000ntm a22000003a 4500 | ||
|---|---|---|---|
| 001 | stuzp57988 | ||
| 003 | SK-STU | ||
| 005 | 20160719155428.8 | ||
| 007 | ta | ||
| 008 | 150427s2015----xo-----f-mn---000-0-slo-d | ||
| 040 | |a STU |b slo | ||
| 041 | 0 | |a slo | |
| 100 | 1 | |a Kopčík, Martin |u 040630 |k Z4 |4 aut |U FCHPT Fakulta chemickej a potravinárskej technológie |T FCHPT Centrálne laboratóriá FCHPT |X 60047 |U C0630 |Y 687 |7 60047 | |
| 242 | 0 | 1 | |a Comparison of Quantitative Methods in NMR Metabolomics and Their Application for the Studies of Filamentous Fungi |y eng |
| 245 | 1 | 0 | |a Porovnanie kvantifikačných metód v NMR metabolomike a ich aplikácia pri štúdiu vláknitých húb |
| 260 | |c 2016 | ||
| 650 | 4 | |a kvantitatívna NMR spektroskopia |2 slo | |
| 650 | 4 | |a metabolomika |2 slo | |
| 650 | 4 | |a Trichoderma atroviride |2 slo | |
| 650 | 4 | |a metabolomics |2 eng | |
| 650 | 4 | |a quantitative NMR spectroscopy |2 eng | |
| 650 | 4 | |a Trichoderma atroviride |2 eng | |
| 700 | 1 | |a Kaliňák, Michal |u 040630 |k Z2 |4 ths |U FCHPT Fakulta chemickej a potravinárskej technológie |T FCHPT Centrálne laboratóriá FCHPT |X 4447 |U C0630 |Y 687 |7 A000004447 | |
| 856 | 4 | |u http://is.stuba.sk/zp/portal_zp.pl?podrobnosti=101137 | |
| SQL | |a stuzp57988 |b DBP |c SLO |d Porovnanie kvantifikačných metód v NMR metabolomike a ich aplikácia pri štúdiu vláknitých húb |e 60047 |f Kopčík, Martin |g 040630 |h 4447 |i Kaliňák, Michal |j 20160712 |k 752 |l 04 |m http://is.stuba.sk/zp/portal_zp.pl?podrobnosti=101137 |n B-BIOPOT |o 5.2.25. biotechnológie | ||